Contribuição ao conhecimento dos gêneros da tribo Ingeae ocorrentes em uma Floresta Nacional da Amazônia Brasileira (Registro n. 329865)
[ somente texto ]
| 000 -LÍDER | |
|---|---|
| fixed length control field | 02949nab a2200277 i 4500 |
| 003 - CÓDIGO MARC DA AGÊNCIA CATALOGADORA | |
| Campo de controle | BR-BrBNA |
| 005 - DATA E HORA DA ÚLTIMA ATUALIZAÇÃO | |
| Campo de controle | 20250207120801.0 |
| 008 - CAMPO DE TAMANHO FIXO | |
| fixed length control field | 250207b2013 bl.qr|pooa||| 00| 0 por | |
| 040 ## - FONTE DA CATALOGAÇÃO | |
| Agência catalogadora | BR-BrBNA |
| Idioma da catalogação | por |
| 072 ## - CATEGORIA AGRIS | |
| Código AGRIS | F70 |
| 072 ## - CATEGORIA AGRIS | |
| Código AGRIS | K01 |
| 072 ## - CATEGORIA AGRIS | |
| Código AGRIS | K10 |
| 100 ## - ENTRADA PRINCIPAL - NOME PESSOAL | |
| Nome pessoal | Bonadeu, Francismeire |
| 100 ## - ENTRADA PRINCIPAL - NOME PESSOAL | |
| Nome pessoal | Santos, João Ubiratan Moreira dos |
| 245 ## - TÍTULO PRINCIPAL | |
| Título principal | Contribuição ao conhecimento dos gêneros da tribo Ingeae ocorrentes em uma Floresta Nacional da Amazônia Brasileira |
| 500 ## - NOTA GERAL | |
| Nota geral | Publicação on-line; 48 ref.; 6 illus.; Summaries (En, Pt) |
| 942 ## - ADDED ENTRY ELEMENTS (KOHA) | |
| Koha item type | Analítica |
| 520 ## - NOTA DE RESUMO | |
| Nota de conteúdo | <br/>Resumo<br/><br/>No trabalho apresenta-se tratamento taxonômico sobre as espécies dos gêneros Abarema Pittier, Calliandra<br/>Benth., Enterolobium Mart., Hydrochorea Barneby & J. W. Grimes, Macrosamanea Britton & Rose ex Britton<br/>& Killip e Zygia P. Brawne que ocorrem na Floresta Nacional de Caxiuanã, acompanhado de chave taxonômica,<br/>descrições, ilustrações e comentários morfológicos e taxonômicos, além de dados de distribuição geográfica<br/>e períodos de floração e frutificação das espécies estudadas. Abarema foi o gênero com maior riqueza de<br/>espécies (3 spp.), seguido por Zygia (2 spp.), sendo os demais gêneros representados por uma espécie cada.<br/>As espécies A. auriculata (Benth.) Barneby & J.W. Grimes, C. surinamensis Benth., H. corymbosa (Rich.)<br/>Barneby & J.W. Grimes, M. pubiramea (Steud.) Barneby & J.W. Grimes var. pubiramea e Z. latifolia var. lasiopus (Benth.) <br/>Barneby & J.W. Grimes são novas ocorrências para a área de estudo.<br/><br/>Palavras-chave: Amazônia, Caxiuanã, Leguminosae, taxonomia.<br/><br/><br/><br/><br/>Abstract<br/><br/>The study presents a taxonomic survey of Abarema Pittier, Calliandra Benth., Enterolobium Mart.,<br/>Hydrochorea Barneby & J. W. Grimes, Macrosamanea Britton & Rose ex Britton & Killip and Zygia P.<br/>Brawne species from the Caxiuanã National Forest, followed by an identification key, descriptions, illustrations,<br/>comments on morphology and taxonomy, geographic distribution and periods of flowering and fruiting.<br/>Abarema was the most representative genus (3 spp.) followed by Zygia (2 spp.). The remaining genera had<br/>one species each. The species A. auriculata (Benth.) Barneby & J.W. Grimes, C. surinamensis Benth., H.<br/>corymbosa (Rich.) Barneby & J.W. Grimes, M. pubiramea (Steud.) Barneby & J.W. Grimes var. pubiramea<br/>and Z. latifolia var. lasiopus (Benth.) Barneby & J.W. Grimes are new records in the study area.<br/><br/>Key words: Amazon, Caxiuanã, Leguminosae, taxonomy. |
| 650 ## - ASSUNTO - THESAGRO | |
| Cabeçalho tópico ou nome geográfico | AMAZÔNIA |
| 650 ## - ASSUNTO - THESAGRO | |
| Cabeçalho tópico ou nome geográfico | CAXIUANÃ |
| 650 ## - ASSUNTO - THESAGRO | |
| Cabeçalho tópico ou nome geográfico | LEGUMINOSAE |
| 650 ## - ASSUNTO - THESAGRO | |
| Cabeçalho tópico ou nome geográfico | TAXONOMIA |
| 773 0# - ENTRADA ANALÍTICA | |
| Host Biblionumber | 709 |
| Registro do item | 348215 |
| Imprenta | Rio de Janeiro-RJ Jardim Botanico do Rio de Janeiro 1935 |
| Outro identificador | 2025-0704 |
| Título | Rodriguésia (Brazil) |
| ISSN | 0370-6583; 2175-7860 on-line |
| Colação | v. 64(2) p. 321-336; (2013) |
| Número de controle de registro | BR2024004089 |
| 856 ## - ACESSO E ENDEREÇO ELETRÔNICO | |
| Identificador uniforme de recurso - URI | https://www.scielo.br/j/rod/a/45HMWTGRmRmHwd8PgxqvtBf/?format=pdf&lang=pt |
Nenhum exemplar disponível.

BINAGRI